000 00724nam a2200205Ii 4500
003 JO-AjNU
008 230605s9999||||xx |||||||||||||| ||und||
017 _a2009/4758
040 _aJO-AjNU
_bara
_erda
_cJO-AjNU
041 _aara
050 1 4 _aJF338.2009
100 3 _aد،م,
_eauthor
_952067
245 0 0 _aفلسفة الوظيفة العامة والموظف العام : بحوث وأوراق عمل
264 3 1 _aالقاهرة : المنظمة العربية للتنمية الإدارية ، 2009
300 _a301ص
336 _atext
_btxt
_2rdacontent
337 _aunmediated
_bn
_2rdamedia
338 _avolume
_bnc
_2rdacarrier
650 4 _aالوظيفة العامة -- الموظف العام
_952068
999 _aA23042
_c26610
_d26610